00633nam a2200193Ii 450000100060000000300090000600800410001502000180005604000330007404100080010708200190011510000400013424501300017426400420030430000120034633600260035833700280038433800270041215400CO-ViMGA241108s9999||||xx |||||||||||||| ||und|| a9789588427195 aCO-ViMGAbspaerdacCO-ViMGA0 aspa04a305.89861 P35o1 aDaniel Ricardo Peñaranda Supelano10aOrganizaciones indígenas y participación política en Colombia :bel acceso a los espacios de representación 1990-2002 1aBogotá, Colombia : La Carreta, 2009 avolumen atextbtxt2rdacontent aunmediatedbn2rdamedia avolumebnc2rdacarrier